00734nam a2200157 a 450000100100000000500170001000800410002704000250006810000270009324500970012026001730021730000210039050000590041150400730047050000330054300003977420201002033727.0130719s1964 ve 001 0 spa d aDO-SdBNPbspacBNPHU1 aRosas Marcano, Jesús13aLa independencia de Venezuela y los periodicos de Paris 1808 -1825 /cJesús Rosas Marcano. aVenezuela :bPublicación del Consejo de Desarrollo Científico y Humanístico y del Instituto de Investigaciones de Prensa, Universidad Central de Venezuela,c1964. a489 p. ;c24 cm. aTexto completo de las noticias estudiadas": p. 93-465. aIncluye referencias bibliográficas y notas al pie de las páginas aBibliografía: p. 475-[478]